[Event "ICC INT m3"]
[Site "ICC INT"]
[Date "2025.09.28"]
[Round "4"]
[White "Giri, Anish"]
[Black "Martinez Alcantara, Jose Eduardo"]
[Result "0-1"]
[WhiteElo "2746"]
[BlackElo "2639"]
[PlyCount "100"]
[EventDate "2025.09.28"]
[EventType "match (rapid)"]
[EventRounds "4"]
[EventCountry "USA"]
[SourceTitle "CB41_2025"]
[SourceDate "2025.10.08"]
[SourceVersion "1"]
[SourceVersionDate "2025.10.08"]
[SourceQuality "2"]

1. e4 e5 2. Nf3 Nc6 3. Bc4 Bc5 4. c3 Nf6 5. d3 d6 6. Bg5 h6 7. Bh4 a6 8. 0-0 Ba7 9. Nbd2 Qe7 10. Re1 g5 11. Bg3 Nh7 12. Bd5 h5 13. h4 g4 14. Nh2 Nf8 15. Nc4 Ng6 16. d4 Bd7 17. Qb3 Rb8 18. Qa3 exd4 19. e5 Ncxe5 20. cxd4 Bxd4 21. Rad1 Bc5 22. Qc3 f6 23. b4 Ba7 24. Nxe5 dxe5 25. Kh1 Be6 26. Be4 Nf8 27. Bxb7 Kf7 28. Bxa6 Qxb4 29. Qxc7+ Qe7 30. Qc2 Rd8 31. Rxd8 Qxd8 32. Rd1 Qe7 33. Rb1 Bd5 34. Qd3 Bd4 35. a4 Ne6 36. Bc4 Qc5 37. Bxd5 Qxd5 38. Qa6 Bc5 39. Qb5 Ra8 40. a5 Kg6 41. a6 Nc7 42. Qe2 Rxa6 43. f3 Ra2 44. Qf1 f5 45. fxg4 hxg4 46. Rd1 Qe4 47. Re1 Be3 48. h5+ Kg5 49. Rd1 Nd5 50. Qe1 Qxg2# 0-1

[Event "Craiova Grand Prix op"]
[Site "Craiova"]
[Date "2025.09.14"]
[Round "8"]
[White "Georgiev, Kiril"]
[Black "Martinez Alcantara, Jose Eduardo"]
[Result "1/2-1/2"]
[WhiteElo "2526"]
[BlackElo "2639"]
[PlyCount "72"]
[EventDate "2025.09.13"]
[EventType "swiss (rapid)"]
[EventRounds "10"]
[EventCountry "ROU"]
[SourceTitle "CB39_2025"]
[SourceDate "2025.09.24"]
[SourceVersion "1"]
[SourceVersionDate "2025.09.24"]
[SourceQuality "1"]

1. e4 c5 2. Nf3 d6 3. Nc3 Nf6 4. e5 dxe5 5. Nxe5 a6 6. g3 Qc7 7. Qe2 Nc6 8. Nxc6 Qxc6 9. f3 h5 10. Bg2 h4 11. f4 Qb6 12. d3 g6 13. Bd2 Bg4 14. Bf3 Bxf3 15. Qxf3 hxg3 16. hxg3 Rxh1+ 17. Qxh1 Qe6+ 18. Kf1 Qd7 19. Re1 Bg7 20. Ne4 Nxe4 21. Qxe4 e6 22. Bc3 Bxc3 23. bxc3 0-0-0 24. c4 Qc7 25. Rb1 Rd4 26. Qe5 Qc6 27. Kf2 Rd8 28. a4 a5 29. Qb2 Rd7 30. Qb6 Qxb6 31. Rxb6 Kc7 32. Rb1 Re7 33. Re1 Kd6 34. Rb1 Kc6 35. Re1 Kd6 36. Rb1 Kc6 1/2-1/2

[Event "Fujairah op-A"]
[Site "Fujairah"]
[Date "2025.08.31"]
[Round "8"]
[White "Martinez Alcantara, Jose Eduardo"]
[Black "Sjugirov, Sanan"]
[Result "1/2-1/2"]
[WhiteElo "2636"]
[BlackElo "2636"]
[PlyCount "61"]
[EventDate "2025.08.25"]
[EventType "swiss"]
[EventRounds "9"]
[EventCountry "UAE"]
[SourceTitle "CB36_2025"]
[SourceDate "2025.09.03"]
[SourceVersion "1"]
[SourceVersionDate "2025.09.03"]
[SourceQuality "1"]

1. e4 e5 2. Nf3 Nc6 3. d4 exd4 4. Bc4 Nf6 5. e5 Ne4 6. Qe2 Nc5 7. c3 d3 8. Qe3 Be7 9. 0-0 a5 10. b3 d5 11. exd6 cxd6 12. Ba3 0-0 13. Nbd2 Bf5 14. Rad1 Bf6 15. Bxc5 dxc5 16. Ne4 Bxe4 17. Qxe4 Bxc3 18. Bxd3 g6 19. Qc4 Bd4 20. Be4 Rc8 21. Bxc6 Rxc6 22. Nxd4 cxd4 23. Qxd4 Qxd4 24. Rxd4 Rc2 25. a4 Rb2 26. Rd5 Rxb3 27. Rxa5 Rd8 28. g3 Rd2 29. Rc5 b6 30. Rc4 b5 31. axb5 1/2-1/2

[Event "Fujairah op-A"]
[Site "Fujairah"]
[Date "2025.08.30"]
[Round "7"]
[White "Hong, Andrew Z"]
[Black "Martinez Alcantara, Jose Eduardo"]
[Result "1/2-1/2"]
[WhiteElo "2580"]
[BlackElo "2636"]
[PlyCount "193"]
[EventDate "2025.08.25"]
[EventType "swiss"]
[EventRounds "9"]
[EventCountry "UAE"]
[SourceTitle "CB36_2025"]
[SourceDate "2025.09.03"]
[SourceVersion "1"]
[SourceVersionDate "2025.09.03"]
[SourceQuality "1"]

1. d4 d5 2. c4 dxc4 3. Nf3 Nf6 4. e3 e6 5. Bxc4 c5 6. 0-0 Be7 7. Nc3 0-0 8. Re1 Nc6 9. a3 a6 10. Bd3 cxd4 11. exd4 b5 12. Bb1 Bb7 13. Qd3 g6 14. Bh6 Re8 15. Ba2 b4 16. Na4 Na5 17. axb4 Nc6 18. Bb3 Nxb4 19. Qe2 Bxf3 20. Qxf3 Qxd4 21. Nc3 Qg4 22. Qe3 Qf5 23. h3 Bc5 24. Qe2 Qd3 25. Bg5 Qxe2 26. Rxe2 Be7 27. Ra4 a5 28. Bc4 Nd7 29. Be3 Rec8 30. Bb5 Nc5 31. Ra1 Bf6 32. Bc4 Nb7 33. Ne4 Bxb2 34. Rxb2 Rxc4 35. Nd2 Rcc8 36. Ne4 f5 37. Nf6+ Kf7 38. Nd7 Nd6 39. Nb6 Nc4 40. Rxb4 axb4 41. Nxa8 Nxe3 42. fxe3 b3 43. Ra7+ Kf6 44. Nc7 b2 45. Rb7 Rxc7 46. Rxb2 Rc4 47. g3 g5 48. Kf2 h5 49. Kf3 Rc3 50. Kf2 Ra3 51. Rc2 Ra4 52. Kf3 Ke5 53. Rc5+ Kd6 54. Rc2 Kd5 55. Rd2+ Ke5 56. Rb2 g4+ 57. hxg4 fxg4+ 58. Ke2 Ke4 59. Rc2 e5 60. Rb2 Rc4 61. Ra2 Rb4 62. Rc2 Rb1 63. Rc4+ Kd5 64. Ra4 Rb2+ 65. Kd3 Rb3+ 66. Ke2 Rc3 67. Kd2 Rc4 68. Ra2 Rb4 69. Kd3 Rb3+ 70. Ke2 Rb1 71. Ra4 Rg1 72. Kf2 Rh1 73. Ra5+ Ke4 74. Ra4+ Kf5 75. e4+ Ke6 76. Ra6+ Kd7 77. Rh6 Rh2+ 78. Kf1 Ke7 79. Ke1 Rg2 80. Rxh5 Kd6 81. Rh8 Rxg3 82. Ke2 Ke7 83. Rh5 Kf6 84. Rf5+ Ke6 85. Rg5 Kd6 86. Kd2 Kc5 87. Rxe5+ Kd4 88. Re8 Rg2+ 89. Ke1 Ke3 90. Kf1 Kf3 91. e5 Rf2+ 92. Kg1 Re2 93. Rf8+ Kg3 94. Rf1 Kh3 95. Ra1 g3 96. e6 Rg2+ 97. Kh1 1/2-1/2

[Event "Fujairah op-A"]
[Site "Fujairah"]
[Date "2025.08.29"]
[Round "6"]
[White "Martinez Alcantara, Jose Eduardo"]
[Black "Dudin, Gleb"]
[Result "1-0"]
[WhiteElo "2636"]
[BlackElo "2583"]
[PlyCount "99"]
[EventDate "2025.08.25"]
[EventType "swiss"]
[EventRounds "9"]
[EventCountry "UAE"]
[SourceTitle "CB36_2025"]
[SourceDate "2025.09.03"]
[SourceVersion "1"]
[SourceVersionDate "2025.09.03"]
[SourceQuality "1"]

1. e4 e5 2. Nc3 Nf6 3. Bc4 Nxe4 4. Qh5 Nd6 5. Qxe5+ Qe7 6. Qxe7+ Bxe7 7. Be2 Nf5 8. Nf3 Nc6 9. Nd5 Bd8 10. c3 Nce7 11. Ne3 d5 12. b3 c6 13. Ba3 f6 14. c4 h5 15. Bd3 dxc4 16. bxc4 Kf7 17. 0-0 Ba5 18. Rab1 Rb8 19. Be4 g5 20. d4 g4 21. Bxe7 Nxe7 22. Nh4 Rd8 23. d5 Bb6 24. Rbd1 Bc5 25. Rfe1 cxd5 26. cxd5 b6 27. g3 Bb4 28. Re2 Ba6 29. Rb2 Ba3 30. Rbd2 Bd6 31. Nef5 Rbc8 32. Nxe7 Kxe7 33. Bg6 Bb4 34. Rd4 Rc4 35. Bxh5 Bc5 36. Rxg4 Rxg4 37. Bxg4 Bc4 38. Be6 Bxa2 39. Nf5+ Kf8 40. h4 Bb3 41. Rd2 a5 42. h5 Ra8 43. h6 Ra7 44. Re2 Bd1 45. Re4 a4 46. d6 Bxd6 47. Nxd6 a3 48. Ba2 Bh5 49. g4 Bg6 50. Re6 1-0

[Event "Fujairah op-A"]
[Site "Fujairah"]
[Date "2025.08.26"]
[Round "2"]
[White "Martinez Alcantara, Jose Eduardo"]
[Black "Socko, Bartosz"]
[Result "1-0"]
[WhiteElo "2636"]
[BlackElo "2574"]
[PlyCount "103"]
[EventDate "2025.08.25"]
[EventType "swiss"]
[EventRounds "9"]
[EventCountry "UAE"]
[SourceTitle "CB36_2025"]
[SourceDate "2025.09.03"]
[SourceVersion "1"]
[SourceVersionDate "2025.09.03"]
[SourceQuality "1"]

1. e4 c5 2. Nf3 e6 3. c3 d5 4. exd5 Qxd5 5. d4 Nf6 6. Na3 Nc6 7. Nb5 Qd8 8. dxc5 Bxc5 9. Qxd8+ Kxd8 10. b4 Bb6 11. a4 Ne4 12. Ng5 Nxg5 13. Bxg5+ f6 14. Bd2 a5 15. Nd6 Ke7 16. Nc4 Bc7 17. b5 Ne5 18. Be3 Nxc4 19. Bxc4 b6 20. 0-0-0 Bb7 21. Rhe1 Rhc8 22. Bb3 Be5 23. Bd2 Bxg2 24. f4 Bxc3 25. Rxe6+ Kf8 26. Bxc3 Rxc3+ 27. Kb2 Rc7 28. Rxb6 Re8 29. Rd2 Bb7 30. Rbd6 h5 31. Be6 g5 32. fxg5 fxg5 33. Bb3 Kg7 34. b6 Rce7 35. Rc2 Rc8 36. Rxc8 Bxc8 37. Rd5 Rb7 38. Rxg5+ Kh6 39. Rc5 Rb8 40. Kc3 Bd7 41. Rd5 Bg4 42. Rd6+ Kg5 43. Bd5 Bd1 44. b7 Kf4 45. Ra6 Bf3 46. Ra8 Rxb7 47. Bxb7 Bxb7 48. Rxa5 Kg4 49. Rb5 Bc6 50. Rb2 Kh3 51. a5 Bg2 52. a6 1-0

[Event "Fujairah op-A"]
[Site "Fujairah"]
[Date "2025.08.25"]
[Round "1"]
[White "Pranesh, Munirethinam"]
[Black "Martinez Alcantara, Jose Eduardo"]
[Result "1/2-1/2"]
[WhiteElo "2589"]
[BlackElo "2636"]
[PlyCount "78"]
[EventDate "2025.08.25"]
[EventType "swiss"]
[EventRounds "9"]
[EventCountry "UAE"]
[SourceTitle "CB36_2025"]
[SourceDate "2025.09.03"]
[SourceVersion "1"]
[SourceVersionDate "2025.09.03"]
[SourceQuality "1"]

1. e4 c5 2. Nf3 d6 3. d4 cxd4 4. Nxd4 Nf6 5. Nc3 Nc6 6. Bc4 e5 7. Nf5 Bxf5 8. exf5 Qa5 9. 0-0 d5 10. Bb3 d4 11. Ne2 Bd6 12. c3 0-0 13. Bg5 Ne4 14. Bh4 Be7 15. Bxe7 Nxe7 16. Bc2 Nf6 17. cxd4 exd4 18. Nxd4 Rad8 19. Qe1 Qc5 20. Rd1 Rfe8 21. Nb3 Qxc2 22. Rxd8 Rxd8 23. Qxe7 Rd7 24. Qc5 Qxc5 25. Nxc5 Rd2 26. Rb1 b6 27. Nb3 Rd5 28. Rc1 h5 29. h3 a5 30. a4 Rxf5 31. Rc6 Rf4 32. Rxb6 Rxa4 33. Rb8+ Kh7 34. Rb5 h4 35. Rxa5 Rb4 36. Nd2 Rxb2 37. Nf3 Rb1+ 38. Kh2 Rb2 39. Rf5 Rb4 1/2-1/2

[Event "Abu Dhabi Online"]
[Site "Chess.com INT"]
[Date "2025.08.18"]
[Round "5"]
[White "Dyachuk, Artem"]
[Black "Martinez Alcantara, Jose Eduardo"]
[Result "0-1"]
[WhiteElo "2298"]
[BlackElo "2636"]
[PlyCount "106"]
[EventDate "2025.08.18"]
[EventType "swiss (blitz)"]
[EventRounds "11"]
[EventCountry "UAE"]
[SourceTitle "CB35_2025"]
[SourceDate "2025.08.27"]
[SourceVersion "1"]
[SourceVersionDate "2025.08.27"]
[SourceQuality "1"]

1. d4 Nf6 2. c4 d6 3. Nf3 g6 4. Nc3 Bf5 5. Nh4 Be6 6. e4 Bg7 7. h3 0-0 8. Nf3 Na6 9. Be2 Bd7 10. 0-0 e5 11. Be3 Re8 12. d5 Nc5 13. Nd2 a5 14. b3 b6 15. a3 Na6 16. Qc2 Nh5 17. Bxh5 gxh5 18. Qd1 f5 19. exf5 Bxf5 20. Qxh5 Bg6 21. Qg4 Nc5 22. Bxc5 bxc5 23. Nde4 Rf8 24. g3 Rb8 25. h4 Rxb3 26. h5 Bf5 27. Qe2 h6 28. Rfb1 Rxb1+ 29. Rxb1 Qd7 30. f3 Qf7 31. g4 Bc8 32. Rf1 Bf6 33. Nxf6+ Qxf6 34. Ne4 Qf4 35. Kg2 Rf7 36. Rb1 Rf8 37. Rb8 Kg7 38. Ng3 Kf7 39. Qd3 Ke7 40. Rxc8 Rxc8 41. Qh7+ Qf7 42. Nf5+ Ke8 43. Qxh6 Kd7 44. Qe3 Qf6 45. Qe4 Rb8 46. Ne3 Ke7 47. Qh7+ Ke8 48. Qg8+ Qf8 49. Qe6+ Kd8 50. Nf5 Rb2+ 51. Kg3 Rb3 52. h6 e4 53. Qxe4 Qf6 0-1

[Event "III Aguascalientes op 3rd"]
[Site "Aguascalientes"]
[Date "2025.08.07"]
[Round "6"]
[White "Martinez Alcantara, Jose Eduardo"]
[Black "Sandoval Mercado, Carlos"]
[Result "1-0"]
[WhiteElo "2636"]
[BlackElo "2398"]
[PlyCount "135"]
[EventDate "2025.08.04"]
[EventType "swiss"]
[EventRounds "9"]
[EventCountry "MEX"]
[SourceTitle "CB33_2025"]
[SourceDate "2025.08.13"]
[SourceVersion "1"]
[SourceVersionDate "2025.08.13"]
[SourceQuality "1"]

1. c4 e6 2. Nf3 d5 3. g3 Nf6 4. Bg2 d4 5. d3 c5 6. e4 Nc6 7. e5 Nd7 8. Qe2 Be7 9. h4 Rb8 10. 0-0 h6 11. h5 a6 12. Bf4 b5 13. Nbd2 0-0 14. b3 bxc4 15. Nxc4 Nb6 16. Nxb6 Rxb6 17. Nd2 Nb4 18. Ne4 a5 19. Bd2 Ba6 20. Bxb4 Rxb4 21. f4 a4 22. g4 Bb7 23. Nd2 axb3 24. Bxb7 Rxb7 25. axb3 Qd5 26. Qg2 Qxg2+ 27. Kxg2 f6 28. exf6 Bxf6 29. Ra6 e5 30. fxe5 Bxe5 31. Rxf8+ Kxf8 32. Ne4 Rxb3 33. Nxc5 Rb5 34. Nd7+ Ke8 35. Nb6 Rb3 36. Nc4 Bf6 37. Ra3 Rb1 38. Kf3 Re1 39. Ra2 Kd7 40. Ra6 Ke7 41. Kf4 Kd7 42. Kf5 Re2 43. Rb6 Rg2 44. Kf4 Re2 45. Rd6+ Ke7 46. Kf5 Rf2+ 47. Ke4 Rg2 48. Kf3 Rg1 49. Ra6 Re1 50. Ra8 Kd7 51. Kf4 Re2 52. Kf5 Rg2 53. Rb8 Rg3 54. Rb3 Rg1 55. Nd2 Rg3 56. Ra3 Re3 57. Ne4 Rf3+ 58. Kg6 Rf4 59. g5 Bxg5 60. Nxg5 hxg5 61. Ra7+ Ke6 62. Ra6+ Ke5 63. Kxg7 Rh4 64. h6 Kf4 65. Re6 Kf3 66. h7 g4 67. Rh6 Rxh6 68. Kxh6 1-0

[Event "III Aguascalientes op 3rd"]
[Site "Aguascalientes"]
[Date "2025.08.04"]
[Round "1"]
[White "Gonzalez Arroyo, Lenin"]
[Black "Martinez Alcantara, Jose Eduardo"]
[Result "0-1"]
[WhiteElo "2141"]
[BlackElo "2636"]
[PlyCount "92"]
[EventDate "2025.08.04"]
[EventType "swiss"]
[EventRounds "9"]
[EventCountry "MEX"]
[SourceTitle "CB33_2025"]
[SourceDate "2025.08.13"]
[SourceVersion "1"]
[SourceVersionDate "2025.08.13"]
[SourceQuality "1"]

1. e4 c5 2. Nf3 d6 3. d4 cxd4 4. Nxd4 Nf6 5. Nc3 a6 6. Bg5 e6 7. f4 Nbd7 8. Qf3 Qc7 9. 0-0-0 b5 10. Bd3 Bb7 11. Rhe1 Be7 12. Bxf6 Nxf6 13. Qg3 b4 14. Nb1 g6 15. Nd2 Rd8 16. N2f3 Nh5 17. Qg4 e5 18. Ne2 exf4 19. Nd2 d5 20. e5 Qxe5 21. g3 Nf6 22. Qxf4 Qxf4 23. Nxf4 Rd7 24. Nb3 0-0 25. Na5 Ba8 26. Bxa6 Ra7 27. Nb3 Bd6 28. Be2 Rxa2 29. Bf3 Bxf4+ 30. gxf4 Bc6 31. Rd4 Rb8 32. Nc5 Ra5 33. Nd3 b3 34. cxb3 Rxb3 35. Kc2 Rb8 36. Rb4 Rc8 37. Kd2 Bd7 38. Rb6 Ne4+ 39. Bxe4 dxe4 40. Rxe4 Rh5 41. Re2 Bg4 42. Rf2 Rd8 43. Rb3 Rh3 44. Kc2 Bf5 45. Rd2 Rd4 46. Ra3 Kg7 0-1

[Event "Benasque op 44th"]
[Site "Benasque"]
[Date "2025.07.11"]
[Round "8"]
[White "Martinez Alcantara, Jose Eduardo"]
[Black "Samant, Aditya S"]
[Result "1/2-1/2"]
[WhiteElo "2622"]
[BlackElo "2499"]
[PlyCount "66"]
[EventDate "2025.07.04"]
[EventType "swiss"]
[EventRounds "10"]
[EventCountry "ESP"]
[SourceTitle "CB29_2025"]
[SourceDate "2025.07.16"]
[SourceVersion "1"]
[SourceVersionDate "2025.07.16"]
[SourceQuality "1"]

1. e4 c5 2. Nf3 d6 3. d4 cxd4 4. Nxd4 Nf6 5. Nc3 Nc6 6. Bg5 e6 7. Qd2 a6 8. 0-0-0 Bd7 9. Kb1 Nxd4 10. Qxd4 Be7 11. f3 Qc7 12. Qd2 Bc6 13. h4 h6 14. Be3 d5 15. e5 Nd7 16. f4 h5 17. Be2 0-0-0 18. Bf3 Nb6 19. Bd4 Nc4 20. Qf2 Kb8 21. Be2 Be8 22. f5 Rc8 23. Qg3 Rg8 24. Bxh5 Bc5 25. Ne2 Qb6 26. Qb3 Qa5 27. Bc3 Qc7 28. fxe6 fxe6 29. Bxe8 Rgxe8 30. Nf4 Ne3 31. Rd2 Nc4 32. Rdd1 Ne3 33. Rd2 Nc4 1/2-1/2

[Event "Benasque op 44th"]
[Site "Benasque"]
[Date "2025.07.09"]
[Round "6"]
[White "Fernandez Guillen, Ernesto J"]
[Black "Martinez Alcantara, Jose Eduardo"]
[Result "1/2-1/2"]
[WhiteElo "2485"]
[BlackElo "2622"]
[PlyCount "39"]
[EventDate "2025.07.04"]
[EventType "swiss"]
[EventRounds "10"]
[EventCountry "ESP"]
[SourceTitle "CB29_2025"]
[SourceDate "2025.07.16"]
[SourceVersion "1"]
[SourceVersionDate "2025.07.16"]
[SourceQuality "1"]

1. e4 e5 2. Nf3 Nf6 3. Nxe5 d6 4. Nf3 Nxe4 5. d3 Nf6 6. d4 d5 7. Bd3 Bd6 8. 0-0 0-0 9. Bg5 Bg4 10. Nbd2 Nbd7 11. c3 c6 12. Re1 Bh5 13. Bh4 Qc7 14. Bg3 Rfe8 15. Qc2 Bg6 16. Bxg6 hxg6 17. Rxe8+ Rxe8 18. Re1 Rxe1+ 19. Nxe1 Bxg3 20. hxg3 1/2-1/2

[Event "Benasque op 44th"]
[Site "Benasque"]
[Date "2025.07.05"]
[Round "2"]
[White "Okuno Okuno, Rion"]
[Black "Martinez Alcantara, Jose Eduardo"]
[Result "0-1"]
[WhiteElo "2093"]
[BlackElo "2622"]
[PlyCount "88"]
[EventDate "2025.07.04"]
[EventType "swiss"]
[EventRounds "10"]
[EventCountry "ESP"]
[SourceTitle "CB29_2025"]
[SourceDate "2025.07.16"]
[SourceVersion "1"]
[SourceVersionDate "2025.07.16"]
[SourceQuality "1"]

1. e4 e5 2. Nf3 Nc6 3. Bb5 a6 4. Ba4 b5 5. Bb3 Na5 6. 0-0 d6 7. d4 exd4 8. Qxd4 Bb7 9. Bg5 f6 10. Bd2 Nxb3 11. axb3 Ne7 12. b4 Nc6 13. Qe3 Qd7 14. b3 Be7 15. Bc3 0-0 16. Rd1 Rfe8 17. Nbd2 Bf8 18. Qf4 Ne7 19. Qg3 Ng6 20. h4 Qf7 21. Nd4 Ne7 22. Re1 Rad8 23. N2f3 c5 24. Nf5 Nxf5 25. exf5 Rc8 26. bxc5 dxc5 27. Rxe8 Rxe8 28. Re1 Rxe1+ 29. Nxe1 b4 30. Bd2 Qd5 31. Qd3 Qxd3 32. Nxd3 Be4 33. Be3 c4 34. Nc5 Bxc2 35. bxc4 a5 36. Ne6 b3 37. Bc1 Bb4 38. c5 Bc3 39. g4 Be4 40. Nd8 b2 41. Bxb2 Bxb2 42. c6 Be5 43. f4 Bc7 44. Ne6 Bb6+ 0-1

[Event "Andujar op"]
[Site "Andujar"]
[Date "2025.06.30"]
[Round "6"]
[White "Meskovs, Nikita"]
[Black "Martinez Alcantara, Jose Eduardo"]
[Result "1/2-1/2"]
[WhiteElo "2529"]
[BlackElo "2611"]
[PlyCount "60"]
[EventDate "2025.06.27"]
[EventType "swiss"]
[EventRounds "9"]
[EventCountry "ESP"]
[SourceTitle "CB28_2025"]
[SourceDate "2025.07.09"]
[SourceVersion "1"]
[SourceVersionDate "2025.07.09"]
[SourceQuality "1"]

1. d4 Nf6 2. Bg5 e6 3. e4 h6 4. Bxf6 Qxf6 5. Nc3 Bb4 6. Qd2 b6 7. Nge2 Nc6 8. a3 Bxc3 9. Qxc3 Bb7 10. d5 Qxc3+ 11. Nxc3 Ne5 12. f4 Ng4 13. Be2 Nf6 14. 0-0-0 0-0-0 15. h4 Rhe8 16. Bf3 exd5 17. exd5 c6 18. Rhe1 Rxe1 19. Rxe1 Re8 20. Rxe8+ Nxe8 21. dxc6 Bxc6 22. Nd5 Kd8 23. Kd2 Nc7 24. c4 Nxd5 25. cxd5 Bb7 26. Ke3 d6 27. f5 f6 28. h5 Ba6 29. Be2 Bxe2 30. Kxe2 Kc7 1/2-1/2

[Event "Andujar op"]
[Site "Andujar"]
[Date "2025.06.27"]
[Round "1"]
[White "Martinez Alcantara, Jose Eduardo"]
[Black "Gines Abad, Pedro"]
[Result "1-0"]
[WhiteElo "2611"]
[BlackElo "2013"]
[PlyCount "33"]
[EventDate "2025.06.27"]
[EventType "swiss"]
[EventRounds "9"]
[EventCountry "ESP"]
[SourceTitle "CB28_2025"]
[SourceDate "2025.07.09"]
[SourceVersion "1"]
[SourceVersionDate "2025.07.09"]
[SourceQuality "1"]

1. c4 c5 2. Nc3 Nc6 3. Nf3 e5 4. g3 Nf6 5. Bg2 d5 6. cxd5 Nxd5 7. Nxe5 Nxc3 8. Nxc6 Nxd1 9. Nxd8 Nxf2 10. Nxf7 Nd3+ 11. exd3 Kxf7 12. 0-0+ Kg6 13. Be4+ Kh6 14. b3 g6 15. Rf7 Rb8 16. Bb2 Rg8 17. Be5 1-0

[Event "WchT Rapid"]
[Site "London"]
[Date "2025.06.13"]
[Round "10.1"]
[White "Mamedyarov, Shakhriyar"]
[Black "Martinez Alcantara, Jose Eduardo"]
[Result "1-0"]
[WhiteElo "2701"]
[BlackElo "2665"]
[PlyCount "117"]
[EventDate "2025.06.11"]
[EventType "team-swiss"]
[EventRounds "12"]
[EventCountry "ENG"]
[SourceTitle "CB25_2025"]
[SourceDate "2025.06.18"]
[SourceVersion "1"]
[SourceVersionDate "2025.06.18"]
[SourceQuality "1"]
[WhiteTeam "Generation XYZA"]
[BlackTeam "Theme Int Trading"]
[WhiteTeamCountry "TUR"]
[BlackTeamCountry "SIN"]

1. c4 e6 2. Nf3 d5 3. e3 Nf6 4. b3 a6 5. Bb2 b6 6. cxd5 exd5 7. g3 Bb7 8. Bg2 Bd6 9. Nd4 g6 10. 0-0 0-0 11. Nc3 Nbd7 12. Nde2 Re8 13. Nf4 c6 14. d4 Nf8 15. Qc2 Ne6 16. Nd3 Rc8 17. Rad1 Nf8 18. Rfe1 N8d7 19. Nf4 a5 20. h4 Qc7 21. Bf3 Qb8 22. Qb1 Re7 23. Qc1 b5 24. Qc2 Rce8 25. Kg2 Ba6 26. Nce2 Bb7 27. Nd3 b4 28. Nef4 Ne4 29. Rc1 Qd8 30. Rh1 Qb8 31. Rhd1 Qa7 32. Qb1 Qb8 33. Rc2 Qa8 34. Qc1 a4 35. Nc5 a3 36. Ba1 Ndf6 37. Nfd3 Qb8 38. Nxb7 Rxb7 39. Ne5 c5 40. Nc6 Qc7 41. Ne5 Qb8 42. g4 h6 43. Nd3 cxd4 44. Bxd4 Qd8 45. Rc6 Nxg4 46. Rxd6 Qxh4 47. Rxg6+ fxg6 48. Qc6 Qh2+ 49. Kf1 Nd6 50. Bxg4 Rf7 51. Qxd5 Ne4 52. Bf3 Ng5 53. Bg2 Kh7 54. Ne5 Qh5 55. Rc1 Rc8 56. Re1 Re7 57. Nd7 Ne4 58. Qxh5 Nd2+ 59. Ke2 1-0

[Event "WchT Rapid"]
[Site "London"]
[Date "2025.06.12"]
[Round "7.1"]
[White "Bjerre, Jonas Buhl"]
[Black "Martinez Alcantara, Jose Eduardo"]
[Result "1-0"]
[WhiteElo "2546"]
[BlackElo "2665"]
[PlyCount "93"]
[EventDate "2025.06.11"]
[EventType "team-swiss"]
[EventRounds "12"]
[EventCountry "ENG"]
[SourceTitle "CB25_2025"]
[SourceDate "2025.06.18"]
[SourceVersion "1"]
[SourceVersionDate "2025.06.18"]
[SourceQuality "1"]
[WhiteTeam "Allez-Y Initiative!"]
[BlackTeam "Theme Int Trading"]
[WhiteTeamCountry "DEN"]
[BlackTeamCountry "SIN"]

1. e4 e5 2. Nf3 Nc6 3. Bb5 a6 4. Ba4 Nf6 5. d3 d6 6. c4 Be7 7. Nc3 0-0 8. h3 Bd7 9. 0-0 Nd4 10. Nxd4 exd4 11. Bxd7 Nxd7 12. Ne2 Bf6 13. b4 b5 14. Qc2 c5 15. Bf4 Qe7 16. Rab1 Qe6 17. Rfc1 Rfc8 18. a4 bxa4 19. Qxa4 cxb4 20. Rxb4 Nc5 21. Qa3 Be5 22. Rb6 Qe7 23. Rcb1 Qd7 24. Bxe5 dxe5 25. f4 f5 26. fxe5 fxe4 27. Rd6 Qe8 28. Rd5 Nxd3 29. Nxd4 Nf4 30. e6 Qg6 31. Qa2 Kh8 32. e7 Re8 33. Rf5 Nxh3+ 34. Kh1 Ng5 35. Rbf1 h6 36. Rf8+ Kh7 37. c5 Qh5+ 38. Kg1 Qh4 39. Qg8+ Kg6 40. R8f6+ Kh5 41. Qxg7 Qg3 42. Qxh6+ Kg4 43. R6f4+ Qxf4 44. Rxf4+ Kxf4 45. Ne6+ Kf5 46. Ng7+ Kg4 47. Qh5+ 1-0

[Event "WchT Rapid"]
[Site "London"]
[Date "2025.06.12"]
[Round "8.1"]
[White "Pichot, Alan"]
[Black "Martinez Alcantara, Jose Eduardo"]
[Result "1/2-1/2"]
[WhiteElo "2564"]
[BlackElo "2665"]
[PlyCount "95"]
[EventDate "2025.06.11"]
[EventType "team-swiss"]
[EventRounds "12"]
[EventCountry "ENG"]
[SourceTitle "CB25_2025"]
[SourceDate "2025.06.18"]
[SourceVersion "1"]
[SourceVersionDate "2025.06.18"]
[SourceQuality "1"]
[WhiteTeam "Duobeniajan Costa Calida"]
[BlackTeam "Theme Int Trading"]
[WhiteTeamCountry "ESP"]
[BlackTeamCountry "SIN"]

1. e4 e5 2. Nf3 Nc6 3. Bb5 Nf6 4. d3 d6 5. 0-0 Bd7 6. c3 g6 7. Re1 Bg7 8. Nbd2 0-0 9. Nf1 Re8 10. Ng3 Na5 11. Bxd7 Qxd7 12. d4 Nc6 13. h3 h6 14. dxe5 dxe5 15. Qe2 Qe6 16. Be3 Red8 17. Nd2 Ne8 18. Qc4 Qxc4 19. Nxc4 Nd6 20. Nxd6 Rxd6 21. Kf1 Rad8 22. Ke2 Bf8 23. b4 f6 24. Red1 Kf7 25. Nf1 a6 26. g4 Rxd1 27. Rxd1 Rxd1 28. Kxd1 Nd8 29. Nd2 Ke6 30. Kc2 b6 31. Kd3 Nb7 32. f4 exf4 33. Bxf4 c5 34. a3 cxb4 35. cxb4 a5 36. Kc4 axb4 37. axb4 Nd6+ 38. Bxd6 Bxd6 39. Kb5 f5 40. exf5+ gxf5 41. gxf5+ Kxf5 42. Nc4 Bxb4 43. Kxb4 Kf4 44. Nd6 Kg3 45. h4 Kxh4 46. Nf5+ Kg5 47. Nxh6 b5 48. Kxb5 1/2-1/2

[Event "Titled Tuesday intern op 03rd Jan Late"]
[Site "Chess.com INT"]
[Date "2025.06.03"]
[Round "4"]
[White "Asish, Panda"]
[Black "Martinez Alcantara, Jose Eduardo"]
[Result "0-1"]
[WhiteElo "1911"]
[BlackElo "2611"]
[PlyCount "106"]
[EventDate "2025.06.03"]
[EventType "swiss (blitz)"]
[EventRounds "11"]
[EventCountry "USA"]
[SourceTitle "CB24_2025"]
[SourceDate "2025.06.11"]
[SourceVersion "1"]
[SourceVersionDate "2025.06.11"]
[SourceQuality "1"]

1. e4 c5 2. Nf3 d6 3. d4 cxd4 4. Qxd4 e6 5. c4 Nf6 6. Nc3 a6 7. Bg5 Nbd7 8. Be2 Be7 9. 0-0 Qc7 10. Rac1 b6 11. Rfd1 Bb7 12. Bh4 Ne5 13. Bxf6 gxf6 14. Nxe5 dxe5 15. Qe3 h5 16. Na4 Bc5 17. Nxc5 Qxc5 18. Qf3 Ke7 19. a3 a5 20. Qc3 a4 21. Bf3 Bc6 22. Rd2 Rad8 23. Rcd1 Rxd2 24. Qxd2 h4 25. h3 Rg8 26. Kh1 Rb8 27. Kg1 Be8 28. Qd3 Rc8 29. Rd2 b5 30. cxb5 Bxb5 31. Qe3 Qxe3 32. fxe3 Rb8 33. Kh2 Bc6 34. g3 f5 35. gxh4 fxe4 36. Be2 f5 37. Kg3 Rg8+ 38. Kf2 f4 39. Bg4 Bb5 40. Rc2 Rb8 41. h5 Bd3 42. Rd2 Kf6 43. Be2 Bxe2 44. Kxe2 Rh8 45. Kf2 Rxh5 46. Kg2 Rg5+ 47. Kh2 Rg3 48. exf4 exf4 49. Rd4 Kf5 50. Rxa4 Rd3 51. Ra5+ e5 52. Ra8 Rd2+ 53. Kh1 e3 0-1